A Dama e o Vagabundo (Registo nº 201357)
[ vista simples ]
| 000 -Etiqueta do registo | |
|---|---|
| Valores | 00623nam 22002053 4500 |
| 010 ## - Número ISBN | |
| ISBN | 978-84-471-0758-2 |
| 100 ## - Dados gerais de processamento | |
| Dados gerais | 20260317d u||y0pory50 ba |
| 101 ## - Língua de publicação | |
| Língua | Português |
| 200 ## - Titulo e menção de responsabilidade | |
| Título próprio | A Dama e o Vagabundo |
| Primeira menção de responsabilidade | Disney |
| Outras menções de responsabilidade | Tradução de Elsa Rocha |
| 210 ## - Publicação | |
| Local de publicação | [S. L.] |
| Nome do editor | Editorial Salvat |
| Data de publicação | 1999 |
| 215 ## - Descrição física | |
| Paginação / Volumes | [44] p. : todo il. |
| Outras indicações físicas | Encadernado |
| Dimensões | 24 cm |
| 225 ## - Colecção | |
| Título próprio da colecção | Disney Clube do Livro |
| 606 ## - Nome comum usado como assunto | |
| ID Autoridade | 47 |
| Palavra de ordem | Literatura Infantil Americana |
| 675 ## - CDU | |
| Notação | 821.111(73)-93/DIS/DAM |
| Edição | PT |
| Língua | por |
| 710 ## - Autor principal (colectividade) | |
| ID Autoridade | 16877 |
| Nome da entidade | Disney |
| 801 ## - Fonte de origem | |
| País | PT |
| Agência | BMMN |
| Regras de catalogação | RPC |
| 830 ## - Notas gerais do catalogador | |
| Criado por | Carlos Pinto |
| Data de criação | 17-03-2026 |
| Indexado por | Carlos Pinto |
| 990 ## - Elementos KOHA | |
| Tipo de documento | Livro |
| Situação do levantamento | Biblioteca de origem | Código de barras | Cota | Permissão de empréstimo | Tipo de documento | Forma de aquisição |
|---|---|---|---|---|---|---|
| Biblioteca Escolar Ciborro | 30679 | 821.111(73)-93/DIS/DAM | Livro | Oferta |